000 00542nam a2200217 a 4500
999 _c7748
_d7748
001 7748
003 BD-JhCC
005 20181004105656.0
008 180213b1973 e |||| ||a| 000 0 eng d
035 _a(BD-JhCC) 7748
040 _aBD-JhCC
_dBD-JhCC
041 _aeng
082 _a791.4372
_bROB 1973
100 _aRobyns, Gwen
245 _aWimbledon :
_bThe Hidden Drama /
_c Gwen Robyns
260 _aLondon :
_bDavid & Charles
_c1973
300 _a200 p .:
_c22 cm .
650 _aTennis players
942 _2ddc
_cBK